Ποιήματα

Αποθηκεύτηκε σε:
Λεπτομέρειες βιβλιογραφικής εγγραφής
Κύριος συγγραφέας: Σεφέρης, Γιώργος, 1900-1971
Μορφή: Άγνωστο
Γλώσσα:Greek
Δημοσίευση: Αθήνα : Ίκαρος, 2000.
Έκδοση:20η εκδ.
Θέματα:
Ετικέτες: Προσθήκη ετικέτας
Δεν υπάρχουν, Καταχωρήστε ετικέτα πρώτοι!

MARC

LEADER 00000c a2200000 4500
001 1/87428
008 931208s2000 gr |###|||###|||| ||gre||
020 |a 9607233107  
035 |l 10035238 
040 |a GR-MY-UA  |b gre  |e aacr 
041 0 |a gre 
082 7 |a 889.132   |2 (22) 
100 1 |a Σεφέρης, Γιώργος,   |d 1900-1971. 
245 1 0 |a Ποιήματα /   |c Γιώργος Σεφέρης.  
250 |a 20η εκδ. 
260 |a Αθήνα :   |b Ίκαρος,   |c 2000.  
300 |a 373 σ. ;   |c 21 εκ.  
500 |a Το Παράρτημα Λήμνου έχει την 16η ανατύπωση του 1989.  
500 |a Το 2ο αντίτυπο του Παραρτήματος Ρόδου είναι η 11η έκδοση του 1977. 
650 0 0 |a Greek poetry, Modern  |y 20th century. 
852 |a INST  |b LEMNOS  |e 20150709  |h 889.132 ΣΕΦ  |p 005600001444  |q 005600001444  |t BK  |y 0 
852 |a INST  |b RHODES  |e 19931208  |h 889.132 ΣΕΦ  |p 005400020567  |q 005400020567  |t BK  |y 0 
852 |a INST  |b RHODES  |c AKA  |e 20220311  |h 889.132 ΣΕΦ  |p 005400042658  |q 005400042658  |t BK  |y 0 
970 |a ΚΟΥΛΑΚΙΟΤΗ  |b ΛΙΤΣΑ  |z 2003/03/21